| 000 | 01260nam a2200313Ia 4500 | ||
|---|---|---|---|
| 001 | ebr10314294 | ||
| 003 | CaPaEBR | ||
| 006 | m u | ||
| 007 | cr cn||||||||| | ||
| 008 | 040602s2004 mau sb 001 0 eng d | ||
| 010 | _z 2004052312 | ||
| 020 | _z9780674025387 | ||
| 020 | _z0674015231 (alk. paper) | ||
| 040 |
_aCaPaEBR _cCaPaEBR |
||
| 035 | _a(OCoLC)607655729 | ||
| 050 | 1 | 4 |
_aLC1085.2 _b.C83 2004eb |
| 100 | 1 | _aCuban, Larry. | |
| 245 | 1 | 4 |
_aThe blackboard and the bottom line _h[electronic resource] : _bwhy schools can't be businesses / _cLarry Cuban. |
| 260 |
_aCambridge, MA : _bHarvard University Press, _c2004. |
||
| 300 | _a253 p. | ||
| 504 | _aIncludes bibliographical references (p. [195]-242) and index. | ||
| 533 |
_aElectronic reproduction. _bPalo Alto, Calif. : _cebrary, _d2009. _nAvailable via World Wide Web. _nAccess may be limited to ebrary affiliated libraries. |
||
| 650 | 0 |
_aBusiness and education _zUnited States. |
|
| 650 | 0 |
_aPublic schools _zUnited States. |
|
| 650 | 0 |
_aEducational change _zUnited States. |
|
| 655 | 7 |
_aElectronic books. _2local |
|
| 710 | 2 | _aebrary, Inc. | |
| 856 | 4 | 0 |
_uhttp://site.ebrary.com/lib/rucke/Doc?id=10314294 _zAn electronic book accessible through the World Wide Web; click to view |
| 999 |
_c58204 _d58204 |
||